Библиография Победы

“Убежден: опыт солидарности, партнерства в годы борьбы с общей угрозой — это наше бесценное наследие, прочная опора именно сейчас, когда набирает силу необратимое движение к более справедливому многополярному миру, основанному на принципах доверия и неделимой безопасности, равных возможностей для самобытного и свободного развития всех стран и народов.”

В.В. Путин

Ленинградские театры - студенчеству в дни каникул (Запись № 48360)

Подробности
000 -МАРКЕР
контрольное поле 03848nam0a2200553 4500
001 - ИДЕНТИФИКАТОР ЗАПИСИ
контрольное поле RU\NLR\BIBL_A\011962531
005 - ИДЕНТИФИКАТОР ВЕРСИИ
контрольное поле 20250809113107.0
020 ## - НОМЕР ДОКУМЕНТА В НАЦИОНАЛЬНОЙ БИБЛИОГРАФИИ
Код страны российская федерация
Основное заглавие издания Российской книжной палаты Ленинград в Великой Отечественной войне. Коллекция. Афиши
035 ## - ДРУГИЕ СИСТЕМНЫЕ НОМЕРА
Идентификатор записи (NLR Aleph) 011962531
100 ## - ДАННЫЕ ОБЩЕЙ ОБРАБОТКИ
Данные общей обработки 20190318d1945 u y0rusy50 ca
101 0# - ЯЗЫК РЕСУРСА
Язык текста, звукозаписи и т.д. русский
102 ## - СТРАНА ПУБЛИКАЦИИ ИЛИ ПРОИЗВОДСТВА
Страна публикации российская федерация
105 ## - ПОЛЕ КОДИРОВАННЫХ ДАННЫХ: ТЕКСТОВЫЕ МАТЕРИАЛЫ, МОНОГРАФИЧЕСКИЕ
Кодированные данные о монографическом текстовом документе y z 000zy
135 ## - ПОЛЕ КОДИРОВАННЫХ ДАННЫХ: ЭЛЕКТРОННЫЕ РЕСУРСЫ
Кодированные данные для электронного ресурса crcn 024anaba
200 1# - ЗАГЛАВИЕ И СВЕДЕНИЯ ОБ ОТВЕТСТВЕННОСТИ
Основное заглавие Ленинградские театры - студенчеству в дни каникул
Сведения, относящиеся к заглавию Ордена Ленина Театр оперы и балета им. С.М. Кирова, Ордена Ленина Малый Оперный Театр, Ордена Трудового Красного Знамени Театр драмы им. А.С. Пушкина, Театр музыкальной комедии, Большой драматический театр им. М. Горького, Драматический театр при Управлении по делам искусств, Ленинградский цирк, Ленгосэстрада
-- [афиша]
Первые сведения об ответственности Управление по делам искусств Исполкома Ленгорсовета, Дирекция театральных касс
210 ## - ПУБЛИКАЦИЯ, РАСПРОСТРАНЕНИЕ И ДР.
Место издания, распространения и т.д. [Ленинград]
Имя издателя, распространителя и т. д. БИ 221 ТЛ-10
Дата издания, распространения и т.д. 1945
215 ## - ФИЗИЧЕСКАЯ ХАРАКТЕРИСТИКА
Специфическое обозначение материала и объем 1 л.
Размеры 52х72
300 ## - ОБЩИЕ ПРИМЕЧАНИЯ
Текст примечания Билеты на объявленный репертуар продаются в Главной Театральной кассе
300 ## - ОБЩИЕ ПРИМЕЧАНИЯ
Текст примечания Зак. 513
325 ## - ПРИМЕЧАНИЕ О КОПИИ
Текст примечания Копия доступна в Электрон. б-ке РНБ
606 1# - НАИМЕНОВАНИЕ ТЕМЫ КАК ПРЕДМЕТ
Наименование темы Театральная жизнь
Географический подзаголовок Ленинград, город
Хронологический подзаголовок 1941 - 1944
Формальный подзаголовок Афиши
Код системы nlr_sh2
Идентификатор авторитетной/нормативной записи RU\NLR\AUTH\6601649837
686 ## - ИНДЕКСЫ ДРУГИХ КЛАССИФИКАЦИЙ
Индекс Щ333(2Р=Рус)7-692Ленинград
711 02 - НАИМЕНОВАНИЕ ОРГАНИЗАЦИИ - АЛЬТЕРНАТИВНАЯ ОТВЕТСТВЕННОСТЬ
Начальный элемент ввода Дирекция театральных касс
Идентификатор авторитетной/нормативной записи RU\NLR\AUTH\880497123
711 02 - НАИМЕНОВАНИЕ ОРГАНИЗАЦИИ - АЛЬТЕРНАТИВНАЯ ОТВЕТСТВЕННОСТЬ
Начальный элемент ввода Ленинградский театр оперы и балета им. С. М. Кирова
Идентификатор авторитетной/нормативной записи RU\NLR\AUTH\889918878
711 02 - НАИМЕНОВАНИЕ ОРГАНИЗАЦИИ - АЛЬТЕРНАТИВНАЯ ОТВЕТСТВЕННОСТЬ
Начальный элемент ввода Ленинградский малый театр оперы и балета
Идентификатор авторитетной/нормативной записи RU\NLR\AUTH\889923401
711 02 - НАИМЕНОВАНИЕ ОРГАНИЗАЦИИ - АЛЬТЕРНАТИВНАЯ ОТВЕТСТВЕННОСТЬ
Начальный элемент ввода Ленинградский театр драмы им. А. С. Пушкина
Идентификатор авторитетной/нормативной записи RU\NLR\AUTH\889918259
711 02 - НАИМЕНОВАНИЕ ОРГАНИЗАЦИИ - АЛЬТЕРНАТИВНАЯ ОТВЕТСТВЕННОСТЬ
Начальный элемент ввода Ленинградский театр музыкальной комедии
Идентификатор авторитетной/нормативной записи RU\NLR\AUTH\889923122
711 02 - НАИМЕНОВАНИЕ ОРГАНИЗАЦИИ - АЛЬТЕРНАТИВНАЯ ОТВЕТСТВЕННОСТЬ
Начальный элемент ввода Ленинградский большой драматический театр им. М. Горького
Идентификатор авторитетной/нормативной записи RU\NLR\AUTH\889920439
711 02 - НАИМЕНОВАНИЕ ОРГАНИЗАЦИИ - АЛЬТЕРНАТИВНАЯ ОТВЕТСТВЕННОСТЬ
Начальный элемент ввода Ленинградский драматический театр им. В. Ф. Комиссаржевской
Идентификатор авторитетной/нормативной записи RU\NLR\AUTH\889920450
711 02 - НАИМЕНОВАНИЕ ОРГАНИЗАЦИИ - АЛЬТЕРНАТИВНАЯ ОТВЕТСТВЕННОСТЬ
Начальный элемент ввода Ленинградский цирк
Идентификатор авторитетной/нормативной записи RU\NLR\AUTH\880358698
711 02 - НАИМЕНОВАНИЕ ОРГАНИЗАЦИИ - АЛЬТЕРНАТИВНАЯ ОТВЕТСТВЕННОСТЬ
Начальный элемент ввода Ленинградская государственная эстрада
Идентификатор авторитетной/нормативной записи RU\NLR\AUTH\880495396
852 ## - МЕСТОНАХОЖДЕНИЕ И ШИФР ХРАНЕНИЯ
Идентификатор организации NLR
Шифр хранения (Call Number) Л3-330а/40/2/1945-февр.-март
856 #0 - МЕСТОНАХОЖДЕНИЕ ЭЛЕКТРОННЫХ РЕСУРОВ И ДОСТУП К НИМ
Универсальный идентификатор ресурса (Uniform Resource Identifier) http://vivaldi.nlr.ru/la700000090/view
856 #1 - МЕСТОНАХОЖДЕНИЕ ЭЛЕКТРОННЫХ РЕСУРОВ И ДОСТУП К НИМ
Универсальный идентификатор ресурса (Uniform Resource Identifier) http://vivaldi.nlr.ru/la700000090/cover
856 #2 - МЕСТОНАХОЖДЕНИЕ ЭЛЕКТРОННЫХ РЕСУРОВ И ДОСТУП К НИМ
Универсальный идентификатор ресурса (Uniform Resource Identifier) http://vivaldi.nlr.ru/la700000090/text
942 ## - ДОПОЛНИТЕЛЬНЫЕ ЭЛЕМЕНТЫ ЗАПИСИ (АБИС)
Тип экземпляра АБИС Визуальный материал
945 ## - Информацию об издании предоставили:
Полное название организации, предоставившей материал Российская национальная библиотека
980 ## - КОЛЛЕКЦИЯ
Название коллекции Национальная библиография
980 ## - КОЛЛЕКЦИЯ
Название коллекции Библиография Победы
980 3# - КОЛЛЕКЦИЯ
Название коллекции КП2019 Ленинград в Великой Отечественной войне
980 3# - КОЛЛЕКЦИЯ
Название коллекции Книжные памятники РНБ
981 37 - КОЛЛЕКЦИЯ ЭЛЕКТРОННОЙ БИБЛИОТЕКИ
Название коллекции Ленинград в Великой Отечественной войне
Название подколлекции Афиши блокадного Ленинграда

Нет доступных экземпляров.